1950 1354 1165 1005 1113 1758 1684 1105 1400 1741 1668 1819 1108 1597 1946 1479 1327 1541 1151 1891 1108 1042 1131 1001 1606 1093 1167 1127 1088 1836 1568 1928 1147 1387 1015 1564 1926 1915 1754 1589 1659 1633 1594 1101 1484 1715 1250 1948 1111 1696 1612 1249 1866 1595 1081 1979 1867 1567 1373 1142 1604 1910 1500 1252 1191 1738 1207 1340 1152 1693 1118 1975 1283 1445 1208 1514 1444 1666 1280 1555 1866 1274 1280 1146 1549 1666 1511 1653 1181 1451 1686 1201 1387 1073 1785 1139 1922 1724 1028 BCNSPRNW ULIB Ver.6.0+V

เปลี่ยนเป็นภาษาไทย

Change to English
 แสดงรายละเอียดบรรณานุกรม
  กลับหน้าหลัก

Brief Record : Get Marc (ISO 2709) : E-mail record : QR code < ปิดหน้าต่าง
LEADER : 00000nam 2200000uu 4500
001    13399126293
003     ULIB
008    180904s2560||||th 000 0 tha d
020    ^a9786169168782
060    ^aWY152^bพ53ก
100    ^aเพ็ญจันทร์ แสนประสาน, บก
245    ^aการพยาบาลโรคหัวใจและหลอดเลือดหัวใจ/^bเพ็ญจันทร์ แสนประสาน, บก
250    ^aพิมพ์ครั้งที่ 1
260    ^aกรุงเทพฯ :^bบริษัทสุขุมวิทการพิมพ์,^c2560
300    ^a153 หน้า
650    ^aโรคหัวใจ--การพยาบาล
650  0 ^aหลอดเลือดหัวใจ--การพยาบาล
945    ^p250^l0^i26503
945    ^p250^l0^i26504
999    ^aกัณชพร จุลอักษร
รายการนี้ยังไม่มีแท็ก
คุณยังไม่ได้ล็อกอิน คุณสามารถมีกิจกรรมร่วมกับเว็บไซต์ได้ แต่ต้องล็อกอินก่อน ::
  ล็อกอิน

รายการสื่อสารสนเทศ

ลำดับที่ ประเภท เลขเรียก/บาร์โค้ด สถานที่ สถานะ
1. หนังสือสำรอง
หนังสือสำรอง
WY152 พ53ก ฉ.1 
  Barcode: 26503
ห้องสมุดวิทยาเขตนครสวรรค์
►หนังสือทั่วไป:l:General Books
บนชั้น
2. วิทยาศาสตร์การแพทย์ และสุขภาพ
วิทยาศาสตร์การแพทย์ และสุขภาพ
WY152 พ53ก ฉ.2 
  Barcode: 26504
ห้องสมุดวิทยาเขตนครสวรรค์
►หนังสือทั่วไป:l:General Books
บนชั้น

รายการใกล้เคียง
    ผู้แต่ง [เพ็ญจันทร์ แสนประสาน, บก]

    หัวเรื่อง [โรคหัวใจ--การพยาบาล]
    หัวเรื่อง [หลอดเลือดหัวใจ--การพยาบาล]

BibComment


ยังไม่เคยถูกคอมเมนท์

คอมเมนท์ทรัพยากรรายการนี้
  คอมเมนท์: การพยาบาลโรคหัวใ..


 Copyright 2026. Bcnsprnw @Library